00632nam a2200205 i 4500001000300000100001800003245009000021260003900111300002700150504001200177650001200189655001800201020001800219020001500237040000800252041000800260080001900268008004100287856009800328bg1 aSCEPPA, David 0aProgramming Microsoft ADO.NET. :b[2005 edition] /cDavid Sceppan2.0 core reference. aRedmond :bMicrosoft Press,c2006. aXXII, 835 s. ;c23 cm. aIndeks. 9aADO.NET aPodręczniki a9780735622067 a073562206X cBPK0 aeng a004.438(07)A/Z s pl f |000 0 pol  uhttp://koha.tu.koszalin.pl/cgi-bin/koha/opac-detail.pl?biblionumber=52590yKatalog online BPK